Food additives / (Record no. 13945)

000 -LEADER
fixed length control field 00464pam a2200169 i 4500
020 ## - INTERNATIONAL STANDARD BOOK NUMBER
ISBN 0471276847 :
020 ## - INTERNATIONAL STANDARD BOOK NUMBER
ISBN 0471276839 (pbk.) :
040 ## - CATALOGING SOURCE
Transcribing agency DLC
082 00 - DEWEY DECIMAL CLASSIFICATION NUMBER
Classification number 664 WIL 1980 A049 Or.
100 1# - MAIN ENTRY--AUTHOR NAME
Personal name Taylor, Reginald James.
245 10 - TITLE STATEMENT
Title Food additives /
260 ## - PUBLICATION, DISTRIBUTION, ETC. (IMPRINT)
Place of publication Chichester ;
-- New York :
Name of publisher J. Wiley,
Year of publication c1980.
300 ## - PHYSICAL DESCRIPTION
Number of Pages xv, 126 p. ;
Dimensions 23 cm.
490 1# - SERIES STATEMENT
Series statement The Institution of Environmental Sciences series
650 #0 - SUBJECT ADDED ENTRY--TOPICAL TERM
Topical Term Food additives.
942 ## - ADDED ENTRY ELEMENTS (KOHA)
Koha item type សៀវភៅភាសាអង់គ្លេស
952 ## - LOCATION AND ITEM INFORMATION (KOHA)
Withdrawn status [LOCAL, KOHA] 0
Holdings
Permanent Location Date acquired Koha item type Lost status Shelving location Barcode Current Location Full call number
Library Block A2017-10-03សៀវភៅភាសាអង់គ្លេស A049A21222Library Block A664 WIL 1980 A049 Or.
មជ្ឈមណ្ឌលឯការនៃសាកលវិទ្យាល័យភូមិន្ទកសិកម្មចំការដូង

Powered by Koha